| 000 | 00545nam a22001937a 4500 | ||
|---|---|---|---|
| 003 | CEME | ||
| 005 | 20210628204058.0 | ||
| 008 | 210111b xxu||||| |||| 00| 0 eng d | ||
| 020 | _a9788131700426 | ||
| 040 | _cceme | ||
| 082 | _a004.62 DOY | ||
| 100 |
_aDoyle, Jeff , Carroll, Jennifer _968621 |
||
| 245 | _aCcie professional development routing tcp/ip volume-1 | ||
| 250 | _a2ND | ||
| 260 |
_aINDIA _bPEARSON EDUCATION _c2013 |
||
| 300 | _aXXV, 910P | ||
| 650 |
_aCCIE PROFESSIONAL DEVELOPMENT ROUTING TCP/IP. _968622 |
||
| 942 |
_cBK _2ddc |
||
| 999 |
_c576146 _d576146 |
||